000 00357nam a2200133Ia 4500
008 210716s1988 xx 000 0 und d
041 _aeng
082 _a005.133 BROT
100 _aBrown, T D.
245 _aC for pascal programmers.
260 _aNew Delhi
_bTata McGraw Hill Publishing Company Ltd
_c1988
300 _axiii,212
650 _aC Programming
999 _c181214
_d181214